Prognostická statistika v podmínkach socialistické ekonomiky výzkumná práce č. 87

Na minha lista:
Detalhes bibliográficos
Autor principal: Kozák, Josef
Formato: Livro
Idioma:tcheco
Publicado em: Praha Výskumný ústav soc. ekon. inf. 1979
Tags: Adicionar Tag
Sem tags, seja o primeiro a adicionar uma tag!

MARC

LEADER 00000nam a2200000 4500
001 c129587
005 20221220102526.4
041 0 |a cze 
044 |a CZ 
245 1 0 |a Prognostická statistika v podmínkach socialistické ekonomiky  |b výzkumná práce č. 87  |c Josef Kozák 
264 1 |a Praha  |b Výskumný ústav soc. ekon. inf.  |c 1979 
300 |a 187 s. 
100 1 |a Kozák, Josef